01406nab a2200241 i 4500003000900000005001700009007000300026008004100029040003000070041000800100100003500108245007000143264009100213300005300304310001500357336002700372337003400399338002800433362004100461521052300502650008201025773005701107DO-SdBNP20250603114330.0ta250603e1993 dr bn|p|r||||||0| | spa d aDO-SdBNPbspacBNPHUerda hspa aTolentino, Marianne de,d1951- aLa galería Nacional de Bellas Artes / cMarianne de Tolentino. aSanto Domingo, República Dominicana : bDirección General de Bellas Artes,c1993.  apágina 8 : bilustraciones, pintura ; c28 cm. aBimestral. atextobtxt2rdacontent asin mediación bn2rdamedia avolumenbnc2rdacarrier aAño 3. No. 7 enero-febrero, 1993). aEn 1963, la profesora museóloga y poeta, Aida Cartagena Portalatín, escribía: "Hoy, en la segunda mitad del siglo XX, nos encontramos en la Galeria Nacional del Palacio de Bellas Artes. La reinstalación y apertura de nuevas salas ofrecen un panorama más amplio al visitante y al estudioso. Reflejan a su manera, el conjunto de disciplinas que son la base principal de nuestras artes plásticas". A continuación, la importante intelectual dominicana explicaba cómo había organizado las distintas salas. 0aBellas artesvPublicaciones periódicas xGalería zRepública Dominicana0 036604o37114-3-7-ItAuditorium.w(DO-SdBNP)000037114